000
00347 a2200169 4500
001
13661
020
_a
9788508125999
040
_c
Anchieta - Aquarius
100
_a
Alencar, José de
240
1
0
_a
=Senhora
_l
por
245
1
0
_a
=Senhora
300
_a
362
0
_a
2009
440
1
_a
Ática
650
4
_a
Literatura brasileira
942
_c
BK
999
_c
13661
_d
13661